Normal view
MARC view
Entry Personal Name
001 - CONTROL NUMBER
- control field: 53862
003 - CONTROL NUMBER IDENTIFIER
- control field: dpl
005 - DATE AND TIME OF LATEST TRANSACTION
- control field: 20121127114310.0
008 - FIXED-LENGTH DATA ELEMENTS
- fixed length control field: 121127|||a|||||| | ||| d
040 ## - CATALOGING SOURCE
- Original cataloging agency: dpl
- Transcribing agency: dpl
100 ## - HEADING--PERSONAL NAME
- Personal name: Palm, William J.
- Fuller form of name: (William John),
- Dates associated with a name: 1944-
670 ## - SOURCE DATA FOUND
- Source citation: Work cat.: (dpl)0: Palm, William J. (William John), 1944-, A concise introduction to MATLAB /, 2012
670 ## - SOURCE DATA FOUND
- Source citation: Work cat.: (dpl)0: Palm, William J. (William John), 1944-, A concise introduction to MATLAB /, 2012
